| 000 | 01415nam a22002177a 4500 | ||
|---|---|---|---|
| 999 |
_c57887 _d57887 |
||
| 003 | Ge_BSU | ||
| 005 | 20221221160322.0 | ||
| 008 | 210325s2019 ge ||||| |||| 00| 0 geo d | ||
| 041 | _ageo | ||
| 080 | _a81 დ-28 | ||
| 100 |
_aდევაძე, მარინა _910742 |
||
| 245 |
_aვერბალური ქცევის გენდერული თავისებურებანი / _cმარინა დევაძე; სამ. ხელმძვღ. ასმათ არძენაძე; ბათუმის შოთა რუსთაველის სახ. უნ-ტი ჰუმანიტარულ მეცნიერებათა ფაკ-ტი. ევროპეისტიკის დეპ-ტი. |
||
| 264 |
_aბათუმი, _c2019. |
||
| 300 |
_a150 გვ.; _b30 სმ. |
||
| 653 | _aლინგვისტიკა | ||
| 653 | _aთარგმანმცოდნეობა | ||
| 653 | _aდისერტაცია | ||
| 700 |
_aარძენაძე, ასმათ _eსამეცნ. ხელმძვღვანელი _99912 |
||
| 710 |
_a ბათუმის შოთა რუსთაველის სახ. უნ-ტი. _bჰუმანიტარულ მეცნიერებათა ფაკ-ტი. ევროპეისტიკის დეპ-ტი. _910743 |
||
| 942 |
_2udc _cDS |
||